[Event "Sabadell Otero Memorial"]
[Site "Sabadell"]
[Date "2023.04.14"]
[Round "1"]
[White "Del Amo Carbo, Jordi"]
[Black "Garcia Fernandez, Pere"]
[Result "1-0"]
[WhiteElo "2117"]
[BlackElo "1539"]
[PlyCount "37"]
[EventDate "2023.04.14"]
[EventType "swiss"]
[EventRounds "8"]
[EventCountry "ESP"]
[SourceTitle "EXT 2024"]
[Source "ChessBase"]
[SourceDate "2023.10.10"]
[SourceVersion "1"]
[SourceVersionDate "2023.10.10"]
[SourceQuality "1"]

1. Nf3 b6 2. g3 Bb7 3. Bg2 e5 4. d3 Bc5 5. c4 Qe7 6. Nc3 Nf6 7. 0-0 Nc6 8. Bg5 Nd4 9. Nxd4 Bxg2 10. Nf5 Qf8 11. Bxf6 gxf6 12. Kxg2 c6 13. Ne4 Be7 14. Qa4 a5 15. Rfd1 h5 16. h4 Rg8 17. d4 0-0-0 18. c5 d5 19. Qxc6+ 1-0